| 000 | 00781nam a2200229 i 4500 | ||
|---|---|---|---|
| 001 | 10335 | ||
| 003 | ES-MaACL | ||
| 005 | 20250822095128.0 | ||
| 007 | t| | ||
| 008 | 950508s1994 sp a |||| | spa d | ||
| 020 | _a84-89170-00-2 | ||
| 080 | _a8-7(082.2) | ||
| 245 | 0 | 0 |
_aAntología del humorismo mundial _b: 1994-1995. |
| 260 |
_aPozuelo de Alarcón, Madrid : _bAcademia de Humor del Patronato de Cultura de Pozuelo de Alarcón, _cD.L. 1994. |
||
| 300 |
_a63 p. : _bil. ; _c18 cm. |
||
| 490 | 1 |
_aBiblioteca de la golondriz ; _v1 |
|
| 650 | 0 | 7 |
_aHumorismo _2embne _913509 |
| 710 | 2 |
_aAcademia de Humor del Patronato de Cultura de Pozuelo de Alarcón. _91181 |
|
| 830 | 0 |
_aBiblioteca de la golondriz ; _v1 _9178670 |
|
| 852 |
_aES-MaACL _jL-17735 |
||
| 999 |
_c10335 _d10335 |
||